|
|
|
|
| LEADER |
01188nam a2200301 a 4500 |
| 001 |
4113548 |
| 008 |
090913s1975 fr a b 000 0 eng d |
| 010 |
|
|
|a 75332643
|
| 020 |
|
|
|a 923101305X
|
| 020 |
|
|
|a 9231013068
|
| 020 |
|
|
|a 9232013061
|
| 020 |
|
|
|a 9233013065
|
| 040 |
|
|
|a DLC
|c DLC
|d DLC
|
| 082 |
0 |
0 |
|a 370/.985
|2 18
|
| 100 |
1 |
|
|a Bizot, Judithe.
|
| 245 |
1 |
0 |
|a Educational reform in Peru /
|c by Judithe Bizot ; with an introduction by Leopoldo Chiappo.
|
| 260 |
|
|
|a Paris :
|b the Unesco Press,
|c 1975.
|
| 300 |
|
|
|a 63 p. :
|b ill. ;
|c 21 cm.
|
| 490 |
0 |
|
|a Experiments and innovations in education ;
|v no. 16
|
| 500 |
|
|
|a "A study prepared for the International Educational Reporting Service."
|
| 504 |
|
|
|a Includes bibliographical references.
|
| 541 |
1 |
|
|e 00000908
|
| 650 |
|
0 |
|a Education
|z Peru.
|
| 650 |
|
0 |
|a Educational change
|z Peru.
|
| 710 |
2 |
|
|a International Educational Reporting Service.
|
| 852 |
4 |
|
|a Ayesha Abed Library
|j General Shelf.
|
| 999 |
|
|
|c 4082
|d 4082
|
| 952 |
|
|
|0 0
|1 0
|2 ddc
|4 0
|6 370_985000000000000_BIZ_1975
|7 0
|8 NFIC
|9 3756
|a BRACUL
|b BRACUL
|c GEN
|d 2009-10-03
|g 0.00
|l 0
|o 370.985 BIZ
|p 3010000908
|r 2009-10-03
|t 1
|w 2009-10-03
|y BK
|x No price found in the accession register.
|